[Event "Ch Yugoslavia"]
[Site "masterchessopen.com Belgrade (Yugoslavia)"]
[Round "14"]
[White "Ivkov Borislav (SRB)"]
[Black "Bogdanovic Rajko (BIH)"]
[Result "1-0"]
[WhiteElo "2416"]
[BlackElo "2308"]

1.d4 Nf6 2.c4 g6 3.Nf3 Bg7 4.g3 O-O 5.Bg2 d5 6.O-O dxc4 7.Qa4 c5 8.dxc5 Nc6
9.Nc3 Qa5 10.Qxc4 Be6 11.Qh4 Bg4 12.Be3 Rfd8 13.a3 Qa6 14.Rac1 Na5 15.h3 Be6
16.Nd2 Rd7 17.Qa4 Nd5 18.Nxd5 Rxd5 19.b4 Qc6 20.Qxa5 b5 21.cxb6 {#r} 1-0

[Event "Olympiad"]
[Site "masterchessopen.com Munich (Germany)"]
[Round "1"]
[White "Dunkelblum Arthur (BEL)"]
[Black "Blau Max (SUI)"]
[Result "0-1"]
[WhiteElo "2250"]
[BlackElo "2370"]

1.Nf3 Nf6 2.c4 g6 3.g3 Bg7 4.Bg2 O-O 5.O-O d5 6.d4 dxc4 7.Na3 Nc6 8.Nxc4 Be6
9.b3 Bd5 10.Bb2 a5 11.Rc1 Bh6 12.e3 a4 13.bxa4 Ra6 14.a3 Qa8 15.a5 Rc8 16.Ne1
Bxg2 17.Nxg2 Nxa5 18.Qf3 Nxc4 19.Rxc4 Rb6 20.Rb4 Qa5 21.Rxb6 Qxb6 22.Rb1 c5
23.Qd1 c4 24.Bc3 Qc6 25.Ne1 Nd5 26.Qc1 b6 27.Qb2 Qe6 28.Nc2 Qe4 29.Nb4 Nxc3
{#R} 0-1

[Event "Ch Hungary"]
[Site "masterchessopen.com Budapest (Hungary)"]
[Round "0"]
[White "Navarovszky Laszlo (HUN)"]
[Black "Molnar Istvan (HUN)"]
[Result "1-0"]
[WhiteElo "2280"]
[BlackElo "2180"]

1.d4 Nf6 2.Nf3 g6 3.g3 Bg7 4.Bg2 O-O 5.O-O d5 6.c4 dxc4 7.Na3 Na6 8.Nxc4 c5
9.dxc5 Be6 10.Nce5 Nxc5 11.Be3 Rc8 12.Rc1 Qxd1 13.Rfxd1 Na4 14.Ng5 Nxb2
15.Rxc8 Bxc8 16.Rd2 Ng4 17.Nxg4 Bxg4 18.Bxa7 h6 19.h3 Bf5 20.e4 Bc8 21.Nf3 Nc4
22.Rc2 Na3 23.Rc1 Nb5 24.Bc5 Nc3 25.Rc2 Nxe4 {#r} 1-0

[Event "Ch BRD"]
[Site "masterchessopen.com Bad Pyrmont (Germany)"]
[Round "12"]
[White "Bialas Wolfram (GER)"]
[Black "Pfleger Helmut Dr (GER)"]
[Result "0-1"]
[WhiteElo "2325"]
[BlackElo "2477"]

1.Nf3 d5 2.g3 g6 3.Bg2 Bg7 4.d4 Nf6 5.O-O O-O 6.c4 dxc4 7.Na3 c6 8.Nxc4 Be6
9.b3 Bd5 10.Bb2 a5 11.Rc1 a4 12.bxa4 Nbd7 13.Nfe5 Bxg2 14.Kxg2 Nb6 15.a5 Nxc4
16.Nxc4 Ne4 17.Qb3 Ng5 18.h4 Qd5+ 19.Kg1 Ne4 20.Rfd1 f5 21.Qe3 f4 22.gxf4 Bh6
23.f3 Rxf4 24.Qb3 Rxh4 25.Nb6 Qxb3 26.axb3 Rxa5 27.fxe4 Be3+ 28.Kf1 Rg5 {#R}
0-1

[Event "It"]
[Site "masterchessopen.com Skopje (Macedonia)"]
[Round "0"]
[White "Portisch Lajos (HUN)"]
[Black "Ilievski Dimitar (MKD)"]
[Result "1-0"]
[WhiteElo "2523"]
[BlackElo "2309"]

1.Nf3 Nf6 2.g3 d5 3.Bg2 g6 4.O-O Bg7 5.d4 O-O 6.c4 dxc4 7.Na3 Nc6 8.Nxc4 Be6
9.b3 a5 10.Bb2 a4 11.Ng5 Bd5 12.e4 Bxc4 13.bxc4 h6 14.Nh3 a3 15.Bc3 Nd7 16.Rc1
e5 17.d5 Nd4 18.Bxd4 exd4 19.f4 Ra6 20.e5 g5 21.Qxd4 gxf4 22.gxf4 f6 23.e6 f5
24.Qe3 Qe7 25.c5 Nf6 26.Rfd1 Kh8 27.Kh1 Ng4 28.Qb3 Qh4 29.d6 cxd6 30.cxd6 Bf6
31.e7 {#r} 1-0

[Event "It (open)"]
[Site "masterchessopen.com Mar del Plata (Argentina)"]
[Round "8"]
[White "Vidal Jose Raul (ARG)"]
[Black "Letelier Rene (CHI)"]
[Result "0-1"]
[WhiteElo "2284"]
[BlackElo "2151"]

1.d4 Nf6 2.Nf3 g6 3.c4 Bg7 4.g3 d5 5.Bg2 O-O 6.O-O dxc4 7.Ne5 Ne8 8.Nf3 Nc6
9.d5 Nb4 10.Nc3 Nd6 11.Bf4 c6 12.Be5 Bxe5 13.Nxe5 Nxd5 14.Nxd5 cxd5 15.Qxd5
Qc7 16.Qd4 Be6 17.Rfc1 Rfd8 18.Qf4 Rac8 19.e4 Nb5 20.Bh3 Nd4 21.Re1 Qxe5 {#R}
0-1

[Event "Ch Baltic Republics"]
[Site "masterchessopen.com Riga (Latvia)"]
[Round "0"]
[White "Kirilov Valentins (LAT)"]
[Black "Gutman Lev (GER)"]
[Result "1-0"]
[WhiteElo "2339"]
[BlackElo "2450"]

1.d4 Nf6 2.Nf3 g6 3.g3 Bg7 4.Bg2 O-O 5.O-O d5 6.c4 dxc4 7.Na3 Nc6 8.Nxc4 a5
9.Bf4 Nd5 10.Nce5 Nxe5 11.Nxe5 Nxf4 12.gxf4 c6 13.Qd2 Be6 14.Rfd1 Qb6 15.e4
Rfd8 16.Qe3 Qxb2 17.a3 Qb5 18.Rab1 Qa4 19.d5 cxd5 20.exd5 Rac8 21.Bf3 Bf5
22.Rxb7 Bh6 23.Nxf7 Bxf4 24.Qxe7 Rd7 25.Rxd7 Qxd7 26.Qh4 Bxh2+ 27.Kxh2 Qxf7
28.d6 Be6 29.Kg2 Rc3 30.Qe4 Rc5 31.Qe3 Qf5 32.d7 {#r} 1-0

[Event "Match"]
[Site "masterchessopen.com Leningrad (Russia)"]
[Round "0"]
[White "Karasev Vladimir I (RUS)"]
[Black "Tseitlin Mark D (ISR)"]
[Result "0-1"]
[WhiteElo "2372"]
[BlackElo "2403"]

1.Nf3 Nf6 2.g3 g6 3.Bg2 Bg7 4.O-O O-O 5.d4 d5 6.c4 dxc4 7.Qc2 Nc6 8.Rd1 Be6
9.Nc3 Nb4 10.Qb1 c5 11.a3 Nbd5 12.e4 Nxc3 13.bxc3 cxd4 14.cxd4 Qb6 15.d5 Bg4
16.h3 Nxe4 17.hxg4 Qxf2+ 18.Kh1 Nc3 19.Bf4 Nxb1 20.Raxb1 b6 21.d6 exd6 22.Rd2
Qc5 23.Bxd6 Qa5 24.Bb4 Qa4 25.Nd4 Rad8 26.Bc6 Qa6 27.Bxf8 Bxf8 28.Rbd1 c3
29.Rf2 Bg7 30.Rdf1 Bxd4 31.Rxf7 Qc4 {#R} 0-1

[Event "Ch Poland"]
[Site "masterchessopen.com Poznan (Poland)"]
[Date "1971.02.17"]
[Round "3"]
[White "Doda Zbigniew (POL)"]
[Black "Pytel Krzysztof (FRA)"]
[Result "1-0"]
[WhiteElo "2430"]
[BlackElo "2320"]

1.Nf3 Nf6 2.g3 d5 3.Bg2 g6 4.O-O Bg7 5.d4 O-O 6.c4 dxc4 7.Na3 c3 8.bxc3 c5
9.Ne5 Nfd7 10.Nac4 Nxe5 11.Nxe5 cxd4 12.cxd4 Bxe5 13.dxe5 Qxd1 14.Rxd1 Nc6
15.Ba3 Bg4 16.Bxc6 bxc6 17.f3 Be6 18.Bxe7 Rfe8 19.Bd6 a5 20.Rd2 a4 21.Rc1 Ra6
22.a3 Kg7 23.Bb4 {#r} 1-0

[Event "It"]
[Site "masterchessopen.com Manila (Philippines)"]
[Round "5"]
[White "Ivkov Borislav (SRB)"]
[Black "Gheorghiu Florin (ROM)"]
[Result "0-1"]
[WhiteElo "2520"]
[BlackElo "2550"]

1.d4 Nf6 2.c4 g6 3.Nf3 Bg7 4.g3 O-O 5.Bg2 d5 6.O-O dxc4 7.Na3 Nc6 8.Nxc4 Be6
9.b3 Bd5 10.Bb2 a5 11.Rc1 a4 12.bxa4 Ra6 13.Nfe5 Bxg2 14.Kxg2 Qa8 15.Nxc6 bxc6
16.a5 c5+ 17.Kg1 Rd8 18.e3 cxd4 19.exd4 Ne4 20.Qf3 Bxd4 21.Bxd4 Rxd4 22.h4 Rf6
23.Qa3 c5 24.Rc2 g5 25.h5 g4 26.Ne5 Qc8 27.Qe3 Rfd6 28.Qf4 f5 29.Nc4 Rf6
30.Ne3 Nd2 31.Qg5+ Kh8 32.Rxd2 h6 {#R} 0-1

[Event "It \"]
[Site "masterchessopen.com Olomouc (Czech Republic)"]
[Date "1973.08.13"]
[Round "4"]
[White "Boehlig Heinz Dr (GER)"]
[Black "Beil Zdenek (CZE)"]
[Result "1-0"]
[WhiteElo "2237"]
[BlackElo "2256"]

1.d4 Nf6 2.Nf3 g6 3.g3 Bg7 4.Bg2 O-O 5.O-O d5 6.c4 dxc4 7.Na3 Nc6 8.Nxc4 Be6
9.b3 Bd5 10.Bb2 a5 11.Ne3 Be4 12.Ne5 Bxg2 13.Kxg2 Nd5 14.N3c4 Nxe5 15.dxe5 b5
16.Na3 c6 17.Qd4 Nb4 18.Qe4 Qd7 19.Rab1 Rad8 20.Rfd1 Qxd1 21.Rxd1 Rxd1 22.Bc3
Nxa2 23.Bxa5 Ra8 24.b4 Rc1 25.Nxb5 Rb8 26.Na7 c5 27.Nc6 Rb7 28.Qd5 Nxb4
29.Bxb4 e6 30.Qd8+ Bf8 31.Bd2 Rd1 32.Qc8 {#r} 1-0

[Event "Memorial J.Capablanca (a)"]
[Site "masterchessopen.com Camaguey (Cuba)"]
[Round "8"]
[White "Pfleger Helmut Dr (GER)"]
[Black "Garcia Martinez Silvino (CUB)"]
[Result "1-0"]
[WhiteElo "2535"]
[BlackElo "2400"]

1.Nf3 Nf6 2.d4 g6 3.g3 Bg7 4.Bg2 O-O 5.O-O d5 6.c4 dxc4 7.Na3 Nc6 8.Nxc4 Be6
9.b3 Bd5 10.Bb2 Qc8 11.e3 Rd8 12.Qe2 Qe6 13.Rac1 a5 14.Nce5 Ne4 15.Nd3 Qd6
16.Nfe5 f5 17.f3 Ng5 18.Nc4 Qd7 19.Rfd1 Ne6 20.Nde5 Bxc4 21.Nxc4 b5 22.d5 bxc4
23.dxc6 Qe8 24.Bxg7 Nxg7 25.Qxc4+ Qf7 26.Rd7 Ne8 27.f4 Qxc4 28.Rxc4 Nd6 29.Ra4
{#r} 1-0

[Event "Olympiad"]
[Site "masterchessopen.com Nice (France)"]
[Round "0"]
[White "Padevsky Nikola (BUL)"]
[Black "Whiteley Andrew J (ENG)"]
[Result "1-0"]
[WhiteElo "2480"]
[BlackElo "2340"]

1.d4 d5 2.Nf3 Nf6 3.g3 g6 4.Bg2 Bg7 5.O-O O-O 6.c4 dxc4 7.Na3 Nc6 8.Nxc4 Be6
9.b3 Bd5 10.Bb2 Qc8 11.e3 Rd8 12.Qe2 a5 13.a3 h6 14.Rac1 Qe6 15.Rfd1 Be4
16.Bf1 g5 17.Ne1 g4 18.Nd2 Bd5 19.Nd3 Qf5 20.Nf4 e6 21.Nxd5 exd5 22.Bg2 Ra6
23.e4 dxe4 24.Nxe4 Rb6 25.Nxf6+ Qxf6 26.Rd3 Nxd4 27.Rxd4 Rxd4 28.Qe8+ Bf8
29.Bd5 c5 30.Bxd4 cxd4 31.Rc7 Re6 32.Bxe6 fxe6 33.Qh5 {#r} 1-0

[Event "Olympiad"]
[Site "masterchessopen.com Nice (France)"]
[Round "1"]
[White "Vincenti Victor"]
[Black "Sax Gyula (HUN)"]
[Result "0-1"]
[WhiteElo "2200"]
[BlackElo "2505"]

1.d4 Nf6 2.Nf3 g6 3.c4 Bg7 4.g3 O-O 5.Bg2 d5 6.O-O dxc4 7.Na3 a5 8.Nxc4 a4
9.Nfe5 Ne8 10.e4 Nd6 11.Be3 b5 12.Nxd6 cxd6 13.Nd3 Nc6 14.e5 Bb7 15.f4 Qd7
16.Rf2 Na5 17.b3 Bxg2 18.Rxg2 Qb7 19.Rb1 axb3 20.axb3 Rfd8 21.Rd2 Qe4 22.Kf2
Rac8 23.Ra1 Nc6 24.Qf3 Qxf3+ 25.Kxf3 dxe5 26.Nxe5 Nb4 27.Ra7 Rc3 28.Ke4 Rxb3
29.d5 f5+ 30.Kf3 Bxe5 31.fxe5 Rxd5 32.Re2 Kf7 33.Rb7 Rdd3 34.Rc7 Rd1 35.e6+
Kf6 {#R} 0-1

[Event "Cup URS"]
[Site "masterchessopen.com Tbilisi (Georgia)"]
[Round "0"]
[White "Kozlov Vladimir E (RUS)"]
[Black "Bronstein David I (RUS)"]
[Result "0-1"]
[WhiteElo "2376"]
[BlackElo "2432"]

1.d4 Nf6 2.Nf3 g6 3.g3 Bg7 4.Bg2 O-O 5.O-O d5 6.c4 dxc4 7.Na3 Nc6 8.Nxc4 Be6
9.Nce5 Bd5 10.Bf4 a5 11.Nxc6 Bxc6 12.Rc1 Ra6 13.Qc2 Qd5 14.b3 Rc8 15.Rfe1 Qf5
16.Qd2 Qb5 17.Rc5 Qb4 18.Qc1 a4 19.Rc4 Qb5 20.b4 a3 21.Be5 Ra4 22.e4 Rxb4
23.Rc5 Qb6 24.d5 Bd7 25.Bxc7 Qa6 26.Bf1 Qa7 27.Bd3 Rb2 28.Ne5 Rxc7 29.Qxb2
Qxc5 {#R} 0-1

[Event "Memorial A.Sokolsky"]
[Site "masterchessopen.com Minsk (Belarus)"]
[Round "0"]
[White "Yuferov Sergey N (RUS)"]
[Black "Litvinov Vladimir (BLR)"]
[Result "1-0"]
[WhiteElo "2412"]
[BlackElo "2236"]

1.d4 Nf6 2.Nf3 g6 3.g3 d5 4.Bg2 Bg7 5.O-O O-O 6.c4 dxc4 7.Na3 Nc6 8.Nxc4 Be6
9.b3 Bd5 10.Bb2 a5 11.Rc1 a4 12.bxa4 Ra6 13.a3 Qa8 14.a5 Ne8 15.Nfe5 Bxg2
16.Kxg2 Nd6 17.Kg1 Rd8 18.Qb3 Nxc4 19.Qxc4 e6 20.Nxc6 Rxc6 21.Qa4 Rd5 22.Rxc6
Rxa5 23.Qxa5 Qxa5 24.Bc3 Qxa3 25.Rxc7 Bf6 26.Rb1 Qa4 27.Rbxb7 Qd1+ 28.Kg2 Qxe2
29.Rxf7 {#r} 1-0

[Event "Olympiad URS"]
[Site "masterchessopen.com Riga (Latvia)"]
[Round "0"]
[White "Karner Hillar (EST)"]
[Black "Gufeld Eduard (USA)"]
[Result "0-1"]
[WhiteElo "2251"]
[BlackElo "2535"]

1.d4 Nf6 2.Nf3 g6 3.g3 Bg7 4.Bg2 O-O 5.O-O d5 6.c4 dxc4 7.Na3 c3 8.bxc3 c5
9.Ne5 Nc6 10.Nxc6 bxc6 11.Bxc6 Bh3 12.Bg2 Bxg2 13.Kxg2 Ne4 14.Bb2 cxd4 15.cxd4
Rb8 16.Rb1 Qd5 17.f3 Qxa2 18.fxe4 Rxb2 19.Ra1 Qe6 20.Rf4 Rc8 21.e5 Bh6 22.Rf3
Rd2 23.Qe1 Rxd4 24.Nb5 Rd2 25.Rxa7 Qxe5 26.Nc3 Rxc3 27.Ra8+ Bf8 {#R} 0-1

[Event "It"]
[Site "masterchessopen.com Vancouver (Canada)"]
[Round "10"]
[White "Forintos Gyozo V (HUN)"]
[Black "Bilek Istvan (HUN)"]
[Result "1-0"]
[WhiteElo "2490"]
[BlackElo "2495"]

1.Nf3 Nf6 2.g3 g6 3.Bg2 Bg7 4.O-O O-O 5.d4 d5 6.c4 dxc4 7.Na3 Nc6 8.Nxc4 Be6
9.b3 Bd5 10.Bb2 Qc8 11.e3 Rd8 12.Qc2 h6 13.Rfd1 a5 14.a3 Qe6 15.Rac1 Be4
16.Qe2 Bd5 17.Ne1 Bxg2 18.Nxg2 g5 19.Ne1 b6 20.Nd3 Nxd4 21.Bxd4 Rxd4 22.Nce5
Rd5 23.Rc6 Rd6 24.Qf3 g4 25.Rxd6 gxf3 26.Rxe6 fxe6 27.Nc6 Kf7 28.Nde5+ Ke8
29.Nxf3 {#r} 1-0

[Event "It"]
[Site "masterchessopen.com Bogota (Colombia)"]
[Round "9"]
[White "Cuellar Gacharna Miguel (COL)"]
[Black "Martinez Carlos (COL)"]
[Result "1-0"]
[WhiteElo "2280"]
[BlackElo "2257"]

1.Nf3 Nf6 2.c4 g6 3.g3 Bg7 4.Bg2 d5 5.O-O O-O 6.d4 dxc4 7.Na3 c3 8.bxc3 c5
9.Ne5 Nbd7 10.f4 Rb8 11.Bd2 a6 12.Nc2 Nxe5 13.fxe5 Nd5 14.a4 Nb6 15.Be1 Qc7
16.Qd3 cxd4 17.cxd4 Be6 18.Ba5 Rfc8 19.Ne3 Bxe5 20.Rab1 Bg7 21.Bxb6 Qd7 22.a5
Bh3 23.Bxh3 Qxh3 24.Nd5 Qe6 25.e4 h5 26.Rf2 Rc6 27.Bc5 Bf8 28.Qf3 Rbc8 29.Rxb7
Rxc5 30.dxc5 Rxc5 31.Rb6 Rc1+ 32.Kg2 {#r} 1-0

[Event "Ch BRD (juniors) (under 20)"]
[Site "masterchessopen.com Wallrabenstein (Germany)"]
[Round "1"]
[White "Schlehoefer Ralf (GER)"]
[Black "Doncevic Dario (CRO)"]
[Result "0-1"]
[WhiteElo "2312"]
[BlackElo "2321"]

1.d4 Nf6 2.Nf3 g6 3.g3 Bg7 4.Bg2 O-O 5.O-O d5 6.c4 dxc4 7.Nbd2 Nc6 8.Nxc4 Be6
9.b3 Bd5 10.Bb2 a5 11.Nfe5 Bxg2 12.Kxg2 Nxe5 13.Nxe5 Qd5+ 14.f3 c6 15.Qc2 Rfd8
16.Qc4 a4 17.e4 Qxc4 18.Nxc4 Nd7 19.b4 a3 20.Nxa3 Nb6 21.Rfd1 Na4 22.Nc4 Nxb2
{#R} 0-1

[Event "Ch World (juniors) (under 20)"]
[Site "masterchessopen.com Graz (Austria)"]
[Round "6"]
[White "Khakpoor Abbas (IRI)"]
[Black "Morrison Graham (RSA)"]
[Result "0-1"]
[WhiteElo "2242"]
[BlackElo "2149"]

1.d4 Nf6 2.Nf3 g6 3.g3 Bg7 4.Bg2 O-O 5.O-O d5 6.c4 dxc4 7.Na3 c3 8.bxc3 c5
9.Bb2 Nc6 10.Nc4 Be6 11.Qa4 Qc7 12.dxc5 b5 13.cxb6 axb6 14.Qb5 Na7 15.Qxb6
Qxc4 16.Ne5 Qc8 17.Bxa8 Qxa8 18.Qa5 Bh3 19.Nf3 Bxf1 20.Rxf1 Nc6 21.Qc5 Qxa2
22.Qxc6 Qxb2 23.h3 Qb8 24.Qc5 Qc8 25.Qxe7 Nd5 26.Qh4 Nxc3 27.e3 Qb7 28.Ne1 Ne4
29.Nf3 h6 30.Qf4 Rc8 31.Nd4 Bxd4 32.exd4 Ng5 {#R} 0-1

[Event "Ch World (team) (under 26)"]
[Site "masterchessopen.com Graz (Austria)"]
[Round "0"]
[White "Schussler Harry (SWE)"]
[Black "Kasparov Garry (RUS)"]
[Result "0-1"]
[WhiteElo "2495"]
[BlackElo "2630"]

1.g3 g6 2.Bg2 Bg7 3.d4 d5 4.Nf3 Nf6 5.O-O O-O 6.c4 dxc4 7.Na3 c3 8.bxc3 c5
9.Nc4 Nc6 10.Nce5 Bf5 11.Bb2 Be4 12.e3 Qc7 13.Qe2 Nxe5 14.Nxe5 Bxg2 15.Kxg2
Ne4 16.f3 Nd6 17.Rac1 Rfd8 18.Rfd1 Qa5 19.Ba1 Rac8 20.c4 cxd4 21.exd4 e6
22.Kh1 Bxe5 23.dxe5 Nxc4 24.Rxd8+ Qxd8 25.Rxc4 Rxc4 26.Qxc4 Qd1+ 27.Kg2 Qxa1
28.Qc8+ Kg7 29.Qxb7 Qxa2+ 30.Kh3 Qd5 31.Qxa7 Qxf3 32.Qa1 g5 {#R} 0-1

[Event "Olympiad"]
[Site "masterchessopen.com Lucerne (Switzerland)"]
[Round "10"]
[White "Khan Mahmood (PAK)"]
[Black "Cunningham P (WLS)"]
[Result "1-0"]
[WhiteElo "2261"]
[BlackElo "2245"]

1.d4 g6 2.g3 Bg7 3.Bg2 Nf6 4.Nf3 d5 5.O-O O-O 6.c4 dxc4 7.Na3 c3 8.bxc3 c5
9.Qb3 Nc6 10.Rd1 Na5 11.Qb2 Bf5 12.Bf4 Nd5 13.Be5 f6 14.Bf4 Nxf4 15.gxf4 Qc7
16.dxc5 Qxc5 17.Nd4 Rad8 18.Qb4 b6 19.Qxc5 bxc5 20.Nxf5 gxf5 21.Rd5 Nb7
22.Rad1 Bh6 23.e3 e5 24.Rd7 Rxd7 25.Rxd7 Nd8 26.Bd5+ Kh8 27.fxe5 fxe5 28.Nc4
Bg7 29.Nd6 {#r} 1-0

[Event "Olympiad"]
[Site "masterchessopen.com Lucerne (Switzerland)"]
[Round "7"]
[White "Martidis Alkis (CYP)"]
[Black "Sharif Mohamed (UAE)"]
[Result "1-0"]
[WhiteElo "2188"]
[BlackElo "2235"]

1.Nf3 Nf6 2.c4 g6 3.g3 Bg7 4.Bg2 O-O 5.O-O d5 6.d4 dxc4 7.Na3 c6 8.Nxc4 Nbd7
9.Bf4 Nb6 10.Nfe5 Be6 11.Na5 Qc8 12.e4 Rd8 13.Qd2 Nh5 14.Rfd1 Nxf4 15.Qxf4 f6
16.Nd3 Nc4 17.Nxc4 Bxc4 18.Nc5 b6 19.Na4 e5 20.Qe3 exd4 21.Rxd4 Rxd4 22.Qxd4
Bf7 23.Nc3 Qc7 24.Rd1 f5 25.Qd3 fxe4 26.Bxe4 Re8 27.f3 Bf6 28.Qc2 Kg7 29.Nb5
Qe5 30.Nxa7 Qxb2 31.Qxb2 Bxb2 32.Nxc6 Bxa2 33.Rd2 {#r} 1-0

[Event "Ch Latvia"]
[Site "masterchessopen.com Riga (Latvia)"]
[Round "0"]
[White "Krivonosov Oleg (LAT)"]
[Black "Lanka Zigurds (LAT)"]
[Result "0-1"]
[WhiteElo "2439"]
[BlackElo "2469"]

1.Nf3 Nf6 2.g3 g6 3.Bg2 Bg7 4.O-O O-O 5.c4 d5 6.d4 dxc4 7.Na3 c3 8.bxc3 c5
9.Nc4 Nc6 10.Nce5 Nd5 11.Bd2 Be6 12.Rc1 Nxe5 13.Nxe5 Bxe5 14.dxe5 Qc7 15.Bf4
Nxf4 16.gxf4 Rad8 17.Qa4 b6 18.Rfd1 Kg7 19.h3 a5 20.a3 Rxd1+ 21.Rxd1 Rd8
22.Rd3 Bf5 23.Rxd8 Qxd8 24.Qb5 Qd1+ 25.Kh2 Qd2 26.Qxb6 Qxf4+ 27.Kg1 Qc1+
28.Kh2 Qxc3 29.Qc7 Be6 30.e3 c4 31.Qc5 Qb2 32.Kg3 h5 33.Be4 h4+ 34.Kg2 Bxh3+
35.Kf3 g5 36.Bc6 g4+ {#R} 0-1

[Event "Tournament"]
[Site "masterchessopen.com Birkenfeld (Germany)"]
[Round "5"]
[White "Podzielny Karl-Heinz (GER)"]
[Black "Schlager Thomas (GER)"]
[Result "1-0"]
[WhiteElo "2470"]
[BlackElo "2262"]

1.Nf3 Nf6 2.g3 g6 3.Bg2 Bg7 4.O-O O-O 5.d4 d5 6.c4 dxc4 7.Na3 c3 8.bxc3 c5
9.Rb1 Nc6 10.Ne5 Nd5 11.Nxc6 bxc6 12.Qd2 Ba6 13.c4 Nb6 14.Qa5 Bxc4 15.Nxc4
Nxc4 16.Qxc5 Nb6 17.e3 Rc8 18.Ba3 e6 19.Rfc1 Re8 20.Bxc6 Bf8 21.Qa5 Nc4
22.Qxd8 Rexd8 23.Bxf8 {#r} 1-0

[Event "?"]
[Site "masterchessopen.com Tuzla (Bosnia & Herzegovina)"]
[Round "0"]
[White "Kurajica Bojan (CRO)"]
[Black "Nurkic Sahbaz (BIH)"]
[Result "1-0"]
[WhiteElo "2525"]
[BlackElo "2295"]

1.d4 Nf6 2.Nf3 g6 3.g3 Bg7 4.Bg2 O-O 5.O-O d5 6.c4 dxc4 7.Na3 c5 8.Nxc4 Na6
9.b3 Nd5 10.Bb2 Nb6 11.Ne3 Rb8 12.Rc1 Nd7 13.Qd2 cxd4 14.Nxd4 Ndc5 15.Rfd1 Ne6
16.Nd5 Nac5 17.Nxe6 Nxe6 18.Ba3 {#r} 1-0

[Event "Ch Czechoslovakia"]
[Site "masterchessopen.com Karvina (Czech Republic)"]
[Round "3"]
[White "Masin Lubos (CZE)"]
[Black "David Pavel (CZE)"]
[Result "0-1"]
[WhiteElo "2103"]
[BlackElo "2386"]

1.Nf3 Nf6 2.g3 g6 3.Bg2 Bg7 4.O-O O-O 5.d4 d5 6.c4 dxc4 7.Nbd2 c3 8.bxc3 c5
9.Rb1 Nc6 10.Nc4 Nd5 11.Qd2 Nb6 12.Nxb6 axb6 13.d5 Na5 14.e4 e6 15.Bh3 exd5
16.Bxc8 Qxc8 17.Qxd5 Rd8 18.Qg5 Nc4 19.e5 Qe6 20.Qh4 Qd5 21.Bg5 Re8 22.Rfd1
Qxf3 23.Qxc4 Bxe5 24.Rd7 Qf5 25.Rbd1 Bd4 26.cxd4 Qxd7 27.d5 Ra4 28.Qb3 Rb4
29.Qf3 Re5 30.Bh6 Rd4 31.Rb1 Rf5 32.Qa3 Rfxd5 33.Qc3 Qh3 34.Re1 Qxh6 35.Re8+
Kg7 36.f4 Qh5 {#R} 0-1

[Event "Europe Tournament (corr.)"]
[Site "masterchessopen.com corr."]
[Round "0"]
[White "Just Joachim (GER)"]
[Black "Wittmann Walter (AUT)"]
[Result "1-0"]
[WhiteElo "2047"]
[BlackElo "2415"]

1.d4 Nf6 2.Nf3 g6 3.g3 Bg7 4.Bg2 O-O 5.O-O d5 6.c4 dxc4 7.Na3 c3 8.bxc3 c5
9.Nc4 Nc6 10.a4 cxd4 11.cxd4 Be6 12.Nce5 Bd5 13.Nxc6 Bxc6 14.a5 a6 15.Bb2 Be4
16.Qa4 Ne8 17.Rfc1 Nd6 18.Ne5 Bxg2 19.Kxg2 Nb5 20.Rc5 Rc8 21.Rac1 Rxc5 22.Rxc5
Bxe5 23.Rxe5 e6 24.e3 Qd7 25.Rc5 Rc8 26.Qc2 Rxc5 27.dxc5 Qd5+ 28.e4 Qd3
29.Qxd3 {#r} 1-0

[Event "?"]
[Site "masterchessopen.com Lvov (Ukraine)"]
[Round "0"]
[White "Frolov Artur (UKR)"]
[Black "Zakharov Alexander (RUS)"]
[Result "0-1"]
[WhiteElo "2499"]
[BlackElo "2380"]

1.Nf3 Nf6 2.c4 g6 3.g3 Bg7 4.Bg2 O-O 5.O-O d5 6.d4 dxc4 7.Na3 c3 8.bxc3 c5
9.Ne5 Nc6 10.Nac4 Be6 11.Nxc6 bxc6 12.Ne5 Nd5 13.Bd2 Rc8 14.Rc1 Bxe5 15.dxe5
Qc7 16.Qa4 Rfd8 17.Bh6 Qxe5 18.Qxa7 Nxc3 19.Kh1 Bd5 20.e4 Nxe4 21.Bf4 Qf6
22.Rce1 e5 {#R} 0-1

[Event "Tournament (candidates) (w)"]
[Site "masterchessopen.com Malme (Sweden)"]
[Round "0"]
[White "Donaldson-A Elena (USA)"]
[Black "Levitina Irina S (USA)"]
[Result "1-0"]
[WhiteElo "2290"]
[BlackElo "2405"]

1.d4 Nf6 2.Nf3 g6 3.c4 Bg7 4.g3 O-O 5.Bg2 d5 6.O-O dxc4 7.Na3 c3 8.bxc3 c5
9.Ne5 Nc6 10.Nac4 Nd5 11.Bb2 Be6 12.Nxc6 bxc6 13.Ne5 Qc7 14.Nd3 Rab8 15.Qc1
Qb6 { ?! } ( 15...cxd4 16.cxd4 Nb4 17.Nc5 { P } ) 16.c4 { ! } 16...Nf6 (
16...Nb4 17.Nxc5 { P } ) 17.dxc5 Qa6 18.Be5 Rbc8 19.Nb4 Qa4 20.Qc3 Rfd8 { ?! }
( 20...a5 21.a3 Rfd8 22.Rfc1 Ne8 { P } ) 21.Rfc1 Bh6 22.Bf4 Bg7 23.Qb3 { ! }
23...Qxb3 24.axb3 Nh5 25.Rxa7 Nxf4 26.gxf4 Bb2 27.Rb1 Bf5 28.Rf1 Rd7 29.Rxd7
Bxd7 30.Nd3 {#r} 1-0

[Event "Ch Great Britain"]
[Site "masterchessopen.com Southampton (England)"]
[Round "1"]
[White "Chin F (MAS)"]
[Black "Ravikumar Vaidyanathan (IND)"]
[Result "0-1"]
[WhiteElo "2171"]
[BlackElo "2370"]

1.d4 Nf6 2.c4 g6 3.Nf3 Bg7 4.g3 O-O 5.Bg2 d5 6.O-O dxc4 7.Na3 Nc6 8.Nxc4 Be6
9.b3 Bd5 10.Bb2 a5 11.Rc1 Ra6 12.Nfe5 Bxg2 13.Kxg2 Nxe5 14.Nxe5 a4 15.Rc4 axb3
16.axb3 Nd7 17.Nxd7 Qxd7 18.Qc2 c6 19.Ra1 Rxa1 20.Bxa1 h5 21.h4 Ra8 22.Bc3 e6
23.Qb2 b5 24.Rc5 Bf8 25.Re5 b4 26.Be1 Bg7 27.Re4 c5 28.Qc2 cxd4 29.Rf4 e5
30.Rf3 Qb7 31.Kh2 Ra1 32.Qd2 e4 {#R} 0-1

[Event "It \"]
[Site "masterchessopen.com Prague (Czech Republic)"]
[Round "0"]
[White "Modr Bretislav (CZE)"]
[Black "Cvitan Ognjen (CRO)"]
[Result "0-1"]
[WhiteElo "2331"]
[BlackElo "2510"]

1.d4 Nf6 2.Nf3 g6 3.g3 Bg7 4.Bg2 O-O 5.O-O d5 6.c4 dxc4 7.Na3 c3 8.bxc3 c5
9.Bb2 Nc6 10.Nc4 Be6 11.Nfe5 Nd5 12.e4 Nb6 13.Nxc6 bxc6 14.Nxb6 Qxb6 15.Qd2
Rfd8 16.Rad1 Rab8 17.Ba1 Bc4 18.Rfe1 Qa5 19.Qg5 Bxa2 20.Qxe7 cxd4 21.cxd4 Bxd4
22.Bxd4 Rxd4 23.Ra1 Rd2 24.e5 Qb6 25.Rf1 Qd4 26.Rac1 Bc4 27.e6 Bxe6 28.Rxc6
Rbb2 29.Rxe6 Rxf2 30.Kh1 Rxf1+ 31.Bxf1 Qf2 {#R} 0-1

[Event "Ch Yugoslavia (team)"]
[Site "masterchessopen.com Pula (Croatia)"]
[Round "0"]
[White "Voscilla Adriano (CRO)"]
[Black "Vujakovic Branko (CRO)"]
[Result "0-1"]
[WhiteElo "2197"]
[BlackElo "2374"]

1.Nf3 Nf6 2.g3 g6 3.Bg2 Bg7 4.c4 O-O 5.d4 d5 6.O-O dxc4 7.Na3 Nc6 8.Nxc4 Be6
9.b3 Bd5 10.Bb2 a5 11.Rc1 a4 12.bxa4 Ra6 13.Nfe5 Bxg2 14.Kxg2 Qa8 15.Nxc6 bxc6
16.Kg1 Rxa4 17.a3 Rb8 18.Qd2 Ne4 19.Qc2 c5 20.Ne5 cxd4 21.Nc6 Rxb2 22.Qxe4 e6
23.Rfd1 h5 24.Rc4 Kh7 25.Rb4 Raxb4 26.axb4 Rxb4 27.Rc1 Rb2 28.Rc5 e5 29.f4 f5
30.Qd3 Qa1+ 31.Kg2 e4 32.Qc4 d3 33.Qf7 Rxe2+ 34.Kh3 Qb2 35.Kh4 Rxh2+ 36.Kg5
Qf6+ {#R} 0-1